literature with verbs in the title - Statistics

General Stats
  • This quiz has been taken 58 times
  • The average score is 11 of 15
Answer Stats
title type writer year verb % Correct
One ____ Over the Cuckoo's Nest novel Ken Kesey 1962 Flew
98%
The Importance of __ing Earnest play Oscar Wilde 1895 Be
96%
____ing for Godot play Samuel Beckett 1963 Wait
94%
The Sun Also _____ novel Ernest Hemingway 1926 Rises
90%
As I ___ Dying novel William Faulkner 1930 Lay
88%
Things ____ Apart novel Chinua Achebe 1958 Fall
83%
I ____ Why the Caged Bird ____ memoir Maya Angelou 1969 Know, Sings
79%
____ Back in Anger play John Osborne 1956 Look
77%
I ________ Lonely as a Cloud poem William Wordsworth 1804 Wandered
67%
To ____ and ____ Not novel Ernest Hemingway 1937 Have
65%
How the Garcia Girls ____ Their Accents novel Julia Alvarez 1991 Lost
54%
Go ___ a Watchman novel Harper Lee 2015 Set
50%
We ____ the Mask poem Paul Laurence Dunbar 1895 Wear
50%
Because I could not ____ for Death poem Emily Dickinson 1890 Stop
46%
Poirot ____________ story collection Agatha Christie 1924 Investigates
33%
No matching quizzes found
Score Distribution
Percent of People with Each Score
Percentile by Number Answered
Your Score History
You have not taken this quiz